000 00315nam a2200133Ia 4500
008 240624s9999 xx 000 0 und d
041 _aeng
082 _a823 KEH
100 _aKEHLMANN DANIEL
245 _aMEASURING THE WORLD
260 _c2007
_aLondon
_bQuercus
300 _a259 : p. : cm. ; 19
365 _cRS
_b20
999 _c8053
_d8053